[Event "Memorijal Danilo - Dajo Batricevic"]
[Site "Cetinje"]
[Date "2009.08.16"]
[Round "8.7"]
[White "Drasko, Milan"]
[Black "Krivokapic, Marko"]
[Result "1-0"]
[WhiteElo "2527"]
[BlackElo "2416"]
[PlyCount "59"]
[EventDate "2009.08.09"]
[EventRounds "9"]

1. Nf3 d5 2. g3 Nf6 3. Bg2 c6 4. O-O Bg4 5. d3 Nbd7 6. Qe1 e5 7. e4 dxe4 8.
dxe4 Bc5 9. Nbd2 O-O 10. h3 Bh5 11. a4 Re8 12. Nh4 a6 13. Nb3 Ba7 14. Be3 Bxe3
15. Qxe3 a5 16. f3 Bg6 17. Rfd1 Qe7 18. Bf1 Nh5 19. Kh2 Red8 20. c3 Qe6 21. Nd2
Nhf6 22. Nc4 Qe7 23. Rd2 Qc5 24. Rad1 Qxe3 25. Nxe3 Kf8 26. g4 Ke8 27. Nhf5
Bxf5 28. Nxf5 g6 29. Nd6+ Ke7 30. g5 1-0

[Event "Memorijal Danilo - Dajo Batricevic"]
[Site "Cetinje"]
[Date "2009.08.16"]
[Round "8.8"]
[White "Rajkovic, Dusan"]
[Black "Kadric, Denis"]
[Result "1-0"]
[WhiteElo "2477"]
[BlackElo "2156"]
[PlyCount "89"]
[EventDate "2009.08.09"]
[EventRounds "9"]

1. d4 Nf6 2. c4 g6 3. Nc3 Bg7 4. e4 d6 5. Bg5 O-O 6. Qd2 c5 7. d5 e6 8. f3 h6
9. Be3 exd5 10. cxd5 a6 11. a4 Re8 12. Nge2 Nbd7 13. Nd1 Ne5 14. Nec3 Nh5 15.
Be2 g5 16. O-O Ng6 17. g3 Nf6 18. Nf2 Kh7 19. a5 Bd7 20. Na4 g4 21. Nb6 gxf3
22. Bxf3 Bb5 23. b4 Nd7 24. Nxa8 Bxf1 25. Rxf1 Qxa8 26. Bg4 Nge5 27. Bf5+ Kg8
28. Kg2 Nc4 29. Qc1 Nxe3+ 30. Qxe3 Ne5 31. bxc5 Qa7 32. Rc1 Bf8 33. Nd3 Nxd3
34. Qxd3 dxc5 35. Rb1 Qb8 36. Rb6 Rd8 37. Qb3 c4 38. Qxc4 Bd6 39. Qc1 Bf8 40.
Rxh6 Bxh6 41. Qxh6 Qc7 42. Bh7+ Kh8 43. e5 f6 44. Bf5+ Kg8 45. Be6+ 1-0

[Event "Memorijal Danilo - Dajo Batricevic"]
[Site "Cetinje"]
[Date "2009.08.16"]
[Round "8.9"]
[White "Miladinovic, Igor"]
[Black "Mijovic, Stefan"]
[Result "1-0"]
[WhiteElo "2570"]
[BlackElo "2325"]
[PlyCount "45"]
[EventDate "2009.08.09"]
[EventRounds "9"]

1. d4 d5 2. Nc3 Nf6 3. Bg5 e6 4. e4 dxe4 5. Nxe4 Be7 6. Bxf6 gxf6 7. Nf3 b6 8.
Bb5+ c6 9. Bd3 Bb7 10. Qe2 Nd7 11. Ba6 Qc8 12. Bxb7 Qxb7 13. O-O c5 14. a4 O-O
15. Rfd1 f5 16. Ng3 Nf6 17. Qe3 Rad8 18. h3 Qc7 19. Qh6 f4 20. Ne2 cxd4 21.
Nxf4 Qxc2 22. Rd3 Kh8 23. Ng5 1-0

[Event "Memorijal Danilo - Dajo Batricevic"]
[Site "Cetinje"]
[Date "2009.08.16"]
[Round "8.10"]
[White "Stojanovic, Dalibor"]
[Black "Paulet, Iozefina"]
[Result "1-0"]
[WhiteElo "2471"]
[BlackElo "2327"]
[PlyCount "85"]
[EventDate "2009.08.09"]
[EventRounds "9"]

1. e4 c5 2. Nf3 d6 3. d4 cxd4 4. Nxd4 Nf6 5. Nc3 a6 6. Be3 e5 7. Nf3 Be7 8. Bc4
O-O 9. O-O Kh8 10. Ng5 Bg4 11. f3 Bh5 12. Qd2 Nbd7 13. Nd5 Nxd5 14. Bxd5 Nb6
15. Bb3 Rc8 16. Nh3 Nc4 17. Bxc4 Rxc4 18. b3 Rc8 19. c4 b5 20. cxb5 axb5 21. a4
bxa4 22. bxa4 f5 23. exf5 d5 24. g4 Be8 25. a5 h6 26. Bb6 Qd6 27. Rfc1 Bc6 28.
Bc5 Qxc5+ 29. Rxc5 Bxc5+ 30. Kg2 e4 31. Nf4 exf3+ 32. Kxf3 Rb8 33. Ng6+ Kg8 34.
Qc2 d4+ 35. Kf2 Rb5 36. Qc4+ Rf7 37. Ne5 d3+ 38. Kf1 Rb2 39. Qxf7+ Kh8 40. Nxc6
Rf2+ 41. Ke1 Re2+ 42. Kd1 Be3 43. Ra2 1-0

[Event "Memorijal Danilo - Dajo Batricevic"]
[Site "Cetinje"]
[Date "2009.08.16"]
[Round "8.11"]
[White "Vujacic, Borivoje"]
[Black "Bogut, Zeljko"]
[Result "1/2-1/2"]
[WhiteElo "2315"]
[BlackElo "2451"]
[PlyCount "104"]
[EventDate "2009.08.09"]
[EventRounds "9"]

1. e4 c5 2. Nf3 Nc6 3. Bb5 d6 4. Bxc6+ bxc6 5. O-O e5 6. c3 Nf6 7. Re1 Bg4 8.
h3 Bh5 9. d3 Be7 10. Nbd2 O-O 11. Nf1 Nd7 12. Ng3 Bxf3 13. Qxf3 Bg5 14. Nf5
Bxc1 15. Raxc1 Nb6 16. d4 g6 17. dxc5 gxf5 18. cxb6 fxe4 19. Rxe4 f5 20. Rc4
Qxb6 21. Rxc6 Qxb2 22. Qd5+ Kg7 23. Re1 Rad8 24. Qe6 Rf7 25. Rxd6 Rxd6 26. Qxd6
Qxc3 27. Qxe5+ Qxe5 28. Rxe5 Kf6 29. Ra5 h5 30. g3 Rc7 31. Kg2 Kg6 32. Ra6+ Kg7
33. Kf3 h4 34. Kf4 hxg3 35. fxg3 Rf7 36. Kg5 Kh7 37. Rf6 Rg7+ 38. Kf4 Rc7 39.
Rxf5 Rc4+ 40. Kg5 Ra4 41. Rf2 Ra3 42. g4 Kg7 43. Rc2 Ra5+ 44. Kh4 Ra3 45. g5
Kg6 46. Rc6+ Kg7 47. Kg4 Rxa2 48. Kh5 Rf2 49. Rg6+ Kh8 50. Ra6 Rf7 51. g6 Rb7
52. Kh6 Rh7+ 1/2-1/2

[Event "Memorijal Danilo - Dajo Batricevic"]
[Site "Cetinje"]
[Date "2009.08.16"]
[Round "8.12"]
[White "Kalezic, Blazo"]
[Black "Boshku, Harallamb"]
[Result "1/2-1/2"]
[WhiteElo "2445"]
[BlackElo "2309"]
[PlyCount "163"]
[EventDate "2009.08.09"]
[EventRounds "9"]

1. e4 e6 2. d3 c5 3. Nd2 Nc6 4. Ngf3 g6 5. g3 Bg7 6. Bg2 Nge7 7. O-O d6 8. c3
Rb8 9. a4 a6 10. Nb3 b5 11. axb5 axb5 12. d4 c4 13. Nbd2 d5 14. Re1 O-O 15. h4
h5 16. exd5 exd5 17. Nf1 Bf5 18. Bg5 f6 19. Bf4 Rb7 20. N3d2 Qd7 21. Ne3 Be6
22. Qe2 Kf7 23. Ra6 Rd8 24. Kh2 Qc8 25. Rea1 Bf8 26. b3 b4 27. bxc4 bxc3 28.
cxd5 Nxd5 29. Nxd5 Rxd5 30. Nf3 Qd7 31. Re1 Nd8 32. Ra8 Be7 33. Bc1 Ra7 34.
Rxa7 Qxa7 35. Qe3 Bf8 36. Qxc3 Qd7 37. Qe3 Nc6 38. Bb2 Ne7 39. Ba3 Nf5 40.
Qxe6+ Qxe6 41. Rxe6 Kxe6 42. Bxf8 Nxd4 43. Nxd4+ Rxd4 44. Bc5 Rd8 45. Be3 Kf7
46. Be4 Kg7 47. Kg2 Rb8 48. Kf3 Rb4 49. Bd3 Ra4 50. Bc2 Rc4 51. Bd1 Rb4 52. Ke2
Rb8 53. Bc2 Rd8 54. Bd3 Rd7 55. Kd2 Rc7 56. Be4 Rc4 57. Kd3 Ra4 58. Bd5 Rb4 59.
Bc4 Rb8 60. Kd4 Rd8+ 61. Bd5 Rc8 62. Be6 Rc6 63. Kd5 Ra6 64. Bd7 Kf7 65. Bc8
Ra5+ 66. Kd6 g5 67. hxg5 fxg5 68. Bd2 Rb5 69. Be6+ Kg6 70. Bd7 Rb2 71. Be3 h4
72. gxh4 gxh4 73. Ke5 Rb4 74. f4 Kh5 75. f5 h3 76. Bf4 Rb2 77. f6 h2 78. Bxh2
Re2+ 79. Kd6 Rxh2 80. f7 Rf2 81. Ke7 Rxf7+ 82. Kxf7 1/2-1/2

[Event "Memorijal Danilo - Dajo Batricevic"]
[Site "Cetinje"]
[Date "2009.08.16"]
[Round "8.13"]
[White "Ivanovic, Bozidar"]
[Black "Draganic, Veljko"]
[Result "1-0"]
[WhiteElo "2415"]
[BlackElo "2278"]
[PlyCount "47"]
[EventDate "2009.08.09"]
[EventRounds "9"]

1. e4 c5 2. Nf3 Nc6 3. d4 cxd4 4. Nxd4 Nf6 5. Nc3 d6 6. Bg5 e6 7. Qd2 a6 8.
O-O-O h6 9. Be3 Bd7 10. f3 b5 11. Kb1 Ne5 12. Bd3 Qc7 13. Rhe1 b4 14. Nce2 d5
15. exd5 Nxd5 16. Nf4 Nxe3 17. Qxe3 Nxd3 18. Qxd3 Be7 19. Nf5 Bf6 20. Nd6+ Kf8
21. Nxf7 Qxf4 22. Nxh8 Be8 23. Rxe6 Qc7 24. Qd5 1-0

[Event "Memorijal Danilo - Dajo Batricevic"]
[Site "Cetinje"]
[Date "2009.08.16"]
[Round "8.14"]
[White "Batricevic, Sasa"]
[Black "Nikac, Predrag"]
[Result "1-0"]
[WhiteElo "2287"]
[BlackElo "2361"]
[PlyCount "71"]
[EventDate "2009.08.09"]
[EventRounds "9"]

1. d4 Nf6 2. Nc3 d5 3. Bg5 g6 4. Qd2 Nbd7 5. O-O-O c6 6. e4 h6 7. Bf4 Nxe4 8.
Nxe4 dxe4 9. f3 exf3 10. Nxf3 Bg7 11. Bd3 Nf6 12. Rde1 g5 13. Bg3 g4 14. Ne5
Be6 15. Ng6 fxg6 16. Rxe6 O-O 17. Bxg6 Qd5 18. Rxe7 Qxa2 19. c3 Qa1+ 20. Bb1
Rae8 21. Rhe1 Rxe7 22. Rxe7 Nd5 23. Re1 Rf6 24. Be5 Rf7 25. Bxg7 Kxg7 26. Qd3
Kf8 27. Qg6 Ne7 28. Qxh6+ Ke8 29. Qe6 Kf8 30. Qe5 b5 31. Qc7 Nf5 32. Qd8+ Kg7
33. Re8 Kg6 34. Rg8+ Kh7 35. Qg5 Rg7 36. Qxg7# 1-0

[Event "Memorijal Danilo - Dajo Batricevic"]
[Site "Cetinje"]
[Date "2009.08.16"]
[Round "8.15"]
[White "Vucinic, Pero"]
[Black "Budimir, Boris"]
[Result "1-0"]
[WhiteElo "2226"]
[BlackElo "2352"]
[PlyCount "107"]
[EventDate "2009.08.09"]
[EventRounds "9"]

1. e4 c5 2. c3 d5 3. exd5 Qxd5 4. Nf3 Nf6 5. d4 e6 6. Na3 Nc6 7. Be2 Qd8 8. Nc2
Be7 9. O-O O-O 10. Bg5 cxd4 11. Ncxd4 Nxd4 12. Nxd4 e5 13. Nf3 Qc7 14. Re1 Bd6
15. h3 Ne8 16. Bb5 h6 17. Be3 Be6 18. Ba4 Rd8 19. Bb3 Bc4 20. Bxc4 Qxc4 21. Qb3
Qxb3 22. axb3 a6 23. Bb6 Rc8 24. Nxe5 Nf6 25. Nc4 Bc5 26. Rad1 Bxb6 27. Nxb6
Rc6 28. Nd7 Nxd7 29. Rxd7 b5 30. Ree7 Rf6 31. Kf1 Rc8 32. Ke2 Rc5 33. Rd4 Rcf5
34. f3 Rb6 35. g4 Rff6 36. f4 g6 37. h4 Kg7 38. Kf3 g5 39. h5 Rxf4+ 40. Rxf4
gxf4 41. Kxf4 Kf6 42. Re5 Rd6 43. Rf5+ Ke6 44. Re5+ Kf6 45. Rf5+ Ke6 46. g5
hxg5+ 47. Kxg5 Rd2 48. Rf6+ Ke7 49. Rxa6 Rg2+ 50. Kf4 Rf2+ 51. Ke4 b4 52. Rb6
Rh2 53. h6 f6 54. h7 1-0

[Event "Memorijal Danilo - Dajo Batricevic"]
[Site "Cetinje"]
[Date "2009.08.16"]
[Round "8.17"]
[White "Popovic, Mladen"]
[Black "Kraljevic, Ivan"]
[Result "1-0"]
[WhiteElo "2190"]
[BlackElo "2130"]
[PlyCount "65"]
[EventDate "2009.08.09"]
[EventRounds "9"]

1. e4 e6 2. d4 d5 3. Nc3 Bb4 4. exd5 exd5 5. Bd3 Nf6 6. Nge2 c6 7. O-O h6 8.
Ng3 O-O 9. Bf4 Bd6 10. Qd2 Re8 11. Rfe1 Be6 12. Re2 Qc7 13. Bxh6 g6 14. Rae1
Nbd7 15. Bxg6 fxg6 16. Rxe6 Rxe6 17. Rxe6 Kf7 18. Re1 Qb6 19. Nd1 Bxg3 20. fxg3
c5 21. dxc5 Qxc5+ 22. Be3 Qc4 23. b3 Qc6 24. Bd4 a5 25. c3 b5 26. Nf2 Qd6 27.
Nd3 Re8 28. Rxe8 Kxe8 29. Qh6 Ne4 30. Nf4 b4 31. cxb4 Qxb4 32. Qxg6+ Kd8 33.
Qg8+ 1-0

[Event "Memorijal Danilo - Dajo Batricevic"]
[Site "Cetinje"]
[Date "2009.08.16"]
[Round "8.18"]
[White "Vukcevic, Nemanja"]
[Black "Padurariu, Ioana-Smaranda"]
[Result "1/2-1/2"]
[WhiteElo "1996"]
[BlackElo "2238"]
[PlyCount "61"]
[EventDate "2009.08.09"]
[EventRounds "9"]

1. e4 c5 2. Nf3 e6 3. d4 cxd4 4. Nxd4 Nc6 5. Nc3 Qc7 6. Be2 a6 7. O-O Nf6 8.
Be3 Bb4 9. Na4 Be7 10. Nxc6 bxc6 11. Nb6 Rb8 12. Nxc8 Qxc8 13. Bd4 c5 14. Be5
Rb6 15. Qd3 d6 16. Bc3 O-O 17. b3 d5 18. exd5 Nxd5 19. Bd2 Rc6 20. Qc4 Qc7 21.
Rad1 Bf6 22. Bf3 Rd6 23. g3 Rfd8 24. Bf4 Nxf4 25. Qxf4 e5 26. Qa4 g6 27. Rxd6
Rxd6 28. Rd1 Rxd1+ 29. Bxd1 Qd8 30. Bf3 a5 31. Qe4 1/2-1/2

[Event "Memorijal Danilo - Dajo Batricevic"]
[Site "Cetinje"]
[Date "2009.08.16"]
[Round "8.19"]
[White "Durutovic, Dragutin"]
[Black "Pecurica, Milos"]
[Result "1-0"]
[WhiteElo "2116"]
[BlackElo "2010"]
[PlyCount "85"]
[EventDate "2009.08.09"]
[EventRounds "9"]

1. e4 c5 2. Nf3 d6 3. Bc4 Nf6 4. d3 g6 5. e5 dxe5 6. Nxe5 e6 7. O-O Bg7 8. Nc3
Nbd7 9. Nf3 O-O 10. Bf4 Nb6 11. Bb3 Nbd5 12. Be5 Nxc3 13. Bxc3 b5 14. a4 b4 15.
Be5 Bb7 16. Nd2 Nd5 17. Bxg7 Kxg7 18. Qe2 Qc7 19. f3 h5 20. Rae1 h4 21. Qf2 h3
22. g3 Nb6 23. Ne4 Rac8 24. Ng5 Bd5 25. a5 Nd7 26. Bxd5 exd5 27. Re7 Kg8 28. g4
Qd6 29. Rfe1 Nf6 30. Qh4 Rc7 31. R7e5 Kg7 32. Qg3 b3 33. c3 Rb8 34. Nxh3 d4 35.
c4 Nd7 36. Re7 Qxg3+ 37. hxg3 Rbc8 38. Ng5 Nf8 39. Nxf7 Rxe7 40. Rxe7 Kf6 41.
Rxa7 Ne6 42. Nd6 Rb8 43. Ne4+ 1-0

[Event "Memorijal Danilo - Dajo Batricevic"]
[Site "Cetinje"]
[Date "2009.08.16"]
[Round "8.20"]
[White "Draskovic, Luka"]
[Black "Lekic, Lazar"]
[Result "1-0"]
[WhiteElo "2079"]
[BlackElo "1755"]
[PlyCount "49"]
[EventDate "2009.08.09"]
[EventRounds "9"]

1. e4 c5 2. Nf3 e6 3. d4 cxd4 4. Nxd4 a6 5. Bd3 Bc5 6. Nb3 Be7 7. Qe2 d6 8. f4
Qc7 9. Be3 Nd7 10. N1d2 Ngf6 11. O-O-O b5 12. g4 Nc5 13. Nxc5 dxc5 14. c4 O-O
15. g5 Nd7 16. Rhg1 Bb7 17. Rg3 Rfd8 18. Kb1 f5 19. exf5 exf5 20. Bxf5 Bd6 21.
Qg4 Nb6 22. Rh3 g6 23. Bxg6 hxg6 24. Qe6+ Kf8 25. Rh8+ 1-0

[Event "Memorijal Danilo - Dajo Batricevic"]
[Site "Cetinje"]
[Date "2009.08.16"]
[Round "8.21"]
[White "Ashiku, Franc"]
[Black "Batricevic, Jovo"]
[Result "0-1"]
[WhiteElo "2041"]
[BlackElo "2184"]
[PlyCount "126"]
[EventDate "2009.08.09"]
[EventRounds "9"]

1. e4 c5 2. Nf3 Nc6 3. d4 cxd4 4. Nxd4 e5 5. Nb5 a6 6. Nd6+ Bxd6 7. Qxd6 Qf6 8.
Qd1 Qg6 9. Nc3 d5 10. Nxd5 Qxe4+ 11. Ne3 Be6 12. Bd3 Qh4 13. O-O Rd8 14. Qf3
Nf6 15. Nf5 Bxf5 16. Qxf5 h6 17. g3 Qg4 18. Qxg4 Nxg4 19. Be4 O-O 20. h3 Nf6
21. Bxc6 bxc6 22. Re1 Rfe8 23. c4 Rd3 24. b3 Nh7 25. Be3 e4 26. Kf1 f5 27. Rad1
Red8 28. Ke2 Rxd1 29. Rxd1 Rxd1 30. Kxd1 g5 31. Kc2 Nf8 32. b4 Kf7 33. Kb3 Ne6
34. Ka4 f4 35. Bd2 e3 36. fxe3 fxg3 37. Be1 g2 38. Bf2 h5 39. Ka5 g4 40. h4 Ng5
41. e4 g3 42. Bc5 Nf3 43. Kxa6 g1=Q 44. Bxg1 Nxg1 45. b5 cxb5 46. c5 Nf3 47. c6
g2 48. c7 g1=Q 49. c8=Q Qg6+ 50. Kxb5 Qxe4 51. a4 Nd4+ 52. Kb6 Qxh4 53. Qd7+
Kg6 54. Qd6+ Kf7 55. Qd7+ Kf8 56. Qd6+ Ke8 57. a5 Qd8+ 58. Kc5 Qxd6+ 59. Kxd6
Kd8 60. a6 Kc8 61. Ke5 h4 62. Kf4 Kb8 63. Kg4 Nf5 0-1

[Event "Memorijal Danilo - Dajo Batricevic"]
[Site "Cetinje"]
[Date "2009.08.16"]
[Round "8.23"]
[White "Dedic, Slavko"]
[Black "Bukvic, Mihailo"]
[Result "0-1"]
[WhiteElo "1989"]
[BlackElo "2223"]
[PlyCount "47"]
[EventDate "2009.08.09"]
[EventRounds "9"]

1. e4 e5 2. Nf3 Nc6 3. Bc4 Be7 4. O-O d6 5. h3 Nf6 6. Re1 O-O 7. c3 Nxe4 8.
Rxe4 d5 9. Re1 dxc4 10. Nxe5 Nxe5 11. Rxe5 Bd6 12. Re1 Bf5 13. b3 Qh4 14. Re3
Bc5 15. Na3 Bxe3 16. fxe3 Qg3 17. Nxc4 Rad8 18. d4 b5 19. Na3 Be4 20. Qe2 Rd5
21. Qf2 Qg6 22. Kh2 Rf5 23. Qg1 Qf6 24. Nb1 0-1

[Event "Memorijal Danilo - Dajo Batricevic"]
[Site "Cetinje"]
[Date "2009.08.16"]
[Round "8.24"]
[White "Bajkovic, Nikola"]
[Black "Rasovic, Uros"]
[Result "1-0"]
[WhiteElo "2143"]
[BlackElo "1939"]
[PlyCount "67"]
[EventDate "2009.08.09"]
[EventRounds "9"]

1. c4 Nf6 2. Nc3 d5 3. d4 g6 4. Nf3 Bg7 5. cxd5 Nxd5 6. e4 Nxc3 7. bxc3 c5 8.
Bb5+ Bd7 9. Bxd7+ Qxd7 10. O-O cxd4 11. cxd4 O-O 12. Rb1 Nc6 13. Bb2 Rfd8 14.
d5 Bxb2 15. Rxb2 Na5 16. Qd4 b6 17. Rc2 Rac8 18. Ne5 Qd6 19. Ng4 f6 20. Rfc1
Qd7 21. h3 Rxc2 22. Rxc2 h5 23. Ne3 Kg7 24. e5 Nb7 25. f4 Rc8 26. Rf2 Qc7 27.
d6 Qc1+ 28. Kh2 Qc5 29. Qe4 Qc6 30. exf6+ exf6 31. Qe7+ Kh6 32. Qxf6 Nxd6 33.
Rd2 Ne4 34. Nf5+ 1-0

[Event "Memorijal Danilo - Dajo Batricevic"]
[Site "Cetinje"]
[Date "2009.08.16"]
[Round "8.27"]
[White "Jovancevic, Jovan"]
[Black "Jefic, Srdjan"]
[Result "1-0"]
[WhiteElo "1887"]
[BlackElo "2108"]
[PlyCount "99"]
[EventDate "2009.08.09"]
[EventRounds "9"]

1. d4 d5 2. c4 c6 3. Nc3 Nf6 4. e3 Bf5 5. Nf3 e6 6. Bd3 Bxd3 7. Qxd3 Nbd7 8.
O-O Bd6 9. Re1 O-O 10. e4 dxe4 11. Nxe4 Nxe4 12. Qxe4 Nf6 13. Qc2 c5 14. Be3
Qc7 15. dxc5 Bxc5 16. Rad1 Rac8 17. b3 Bxe3 18. Rxe3 b5 19. Qe2 bxc4 20. Rc3
Qa5 21. Rdc1 Rfd8 22. Rxc4 Rxc4 23. bxc4 Qa3 24. Rc2 Qc5 25. h3 h6 26. Qe5 Rc8
27. Qxc5 Rxc5 28. Nd4 Kf8 29. Kf1 Ke7 30. Ke2 Nd7 31. Nb3 Rc7 32. c5 e5 33. Kd3
Ke6 34. Kc4 Nb6+ 35. Kb5 Nd5 36. c6 f5 37. Nc5+ Kf6 38. f3 Ke7 39. Na6 Rc8 40.
Kc5 Ke6 41. Rd2 Ne7 42. Rd6+ Kf7 43. c7 h5 44. h4 g6 45. a4 e4 46. Kd4 exf3 47.
gxf3 f4 48. Ke5 Nf5 49. Rd8 Ne7 50. Kd6 1-0

[Event "Memorijal Danilo - Dajo Batricevic"]
[Site "Cetinje"]
[Date "2009.08.16"]
[Round "8.28"]
[White "Fugulyan, Grigore"]
[Black "Potpara, Nikola"]
[Result "0-1"]
[WhiteElo "2022"]
[BlackElo "1838"]
[PlyCount "80"]
[EventDate "2009.08.09"]
[EventRounds "9"]

1. e4 c5 2. Nf3 e6 3. c4 Nc6 4. Nc3 Nf6 5. d4 cxd4 6. Nxd4 Bb4 7. Nxc6 dxc6 8.
Qc2 e5 9. Be2 Be6 10. O-O O-O 11. a3 Bc5 12. Bg5 Qe7 13. Rad1 Rfd8 14. b4 Bd4
15. Kh1 a5 16. c5 axb4 17. axb4 Ra3 18. Nb1 Bb3 19. Nxa3 Bxc2 20. Nxc2 h6 21.
Bxf6 Qxf6 22. Rd3 Ra8 23. f4 Qe6 24. Nxd4 exd4 25. Rxd4 Qa2 26. Bf3 Qb2 27. Rc4
Qb3 28. Rd4 Qc3 29. Rdd1 Qxb4 30. Rb1 Qxc5 31. Rxb7 Qe3 32. g3 Ra2 33. Bg2 Qd2
34. Rb8+ Kh7 35. Rg1 c5 36. e5 c4 37. Rbb1 c3 38. Be4+ g6 39. Rg2 Qe3 40. Bc2
Rxc2 0-1

[Event "Memorijal Danilo - Dajo Batricevic"]
[Site "Cetinje"]
[Date "2009.08.16"]
[Round "8.29"]
[White "Batricevic, Bozo"]
[Black "Markovic, Danko"]
[Result "1/2-1/2"]
[WhiteElo "1772"]
[BlackElo "1946"]
[PlyCount "22"]
[EventDate "2009.08.09"]
[EventRounds "9"]

1. e4 c5 2. f4 g6 3. Nc3 Bg7 4. Nf3 e6 5. Bc4 Ne7 6. d3 O-O 7. Qe2 d5 8. exd5
Nxd5 9. Be3 b6 10. a4 Bb7 11. O-O Qd7 1/2-1/2

[Event "Memorijal Danilo - Dajo Batricevic"]
[Site "Cetinje"]
[Date "2009.08.16"]
[Round "8.30"]
[White "Sonfalean, Maria-Laura"]
[Black "Stamatovic, Vladimir"]
[Result "0-1"]
[WhiteElo "1736"]
[BlackElo "1908"]
[PlyCount "62"]
[EventDate "2009.08.09"]
[EventRounds "9"]

1. e4 e5 2. Nf3 Nc6 3. Bc4 d6 4. d3 Na5 5. Bb5+ c6 6. Ba4 b5 7. Bb3 Nxb3 8.
axb3 f5 9. exf5 Bxf5 10. O-O Nf6 11. Re1 Be7 12. c3 O-O 13. d4 e4 14. Nh4 Bg4
15. f3 exf3 16. Nxf3 d5 17. Nbd2 Bd6 18. h3 Bh5 19. Qc2 Bg6 20. Qd1 Qc7 21. Ne5
Be4 22. Ndf3 Nd7 23. Ra6 Bxe5 24. Nxe5 Nxe5 25. dxe5 Qxe5 26. Rxc6 Rf7 27. Rf1
Qg3 28. Qd2 Rxf1+ 29. Kxf1 Bxg2+ 30. Kg1 Be4+ 31. Kf1 Rf8+ 0-1

[Event "Memorijal Danilo - Dajo Batricevic"]
[Site "Cetinje"]
[Date "2009.08.16"]
[Round "8.32"]
[White "Draskovic, Davor"]
[Black "Delevic, Nina"]
[Result "1-0"]
[WhiteElo "1702"]
[BlackElo "1761"]
[PlyCount "45"]
[EventDate "2009.08.09"]
[EventRounds "9"]

1. e4 e6 2. d4 d5 3. Nc3 Bb4 4. e5 c5 5. a3 cxd4 6. axb4 dxc3 7. bxc3 Ne7 8.
Nf3 Qc7 9. Bd3 Qxc3+ 10. Bd2 Qc7 11. O-O Ng6 12. Qe2 Nc6 13. Rfe1 Qb6 14. b5
Nd4 15. Nxd4 Qxd4 16. c3 Qh4 17. b6 a6 18. g3 Qh3 19. Qd1 h5 20. Re3 h4 21. g4
Nf4 22. Rxh3 Nxh3+ 23. Kg2 1-0

[Event "Memorijal Danilo - Dajo Batricevic"]
[Site "Cetinje"]
[Date "2009.08.17"]
[Round "9.1"]
[White "Djukic, Nikola"]
[Black "Blagojevic, Dragisa"]
[Result "1-0"]
[WhiteElo "2491"]
[BlackElo "2545"]
[PlyCount "81"]
[EventDate "2009.08.09"]
[EventRounds "9"]

1. e4 e5 2. Nf3 Nc6 3. Bb5 Nf6 4. O-O Nxe4 5. d4 Nd6 6. Bxc6 dxc6 7. dxe5 Nf5
8. Qxd8+ Kxd8 9. Nc3 Ne7 10. h3 Ng6 11. Bd2 h6 12. Rfe1 Bd7 13. Nh2 Bc5 14. Ne4
Be7 15. f4 b6 16. Nf3 Nh4 17. Nxh4 Bxh4 18. g3 Be7 19. g4 h5 20. f5 hxg4 21.
hxg4 Rh4 22. Nf2 Kc8 23. Rad1 g6 24. e6 fxe6 25. fxg6 Bf6 26. Bf4 Bxb2 27. Be5
Bxe5 28. Rxe5 Rh8 29. Ne4 Rg8 30. Rg5 Kd8 31. Nf6 Ke7 32. Nxd7 Rad8 33. Rh5 Rg7
34. Rh7 Rxh7 35. gxh7 Rh8 36. Ne5 Kf6 37. Rf1+ Kxe5 38. Rf7 Kd6 39. g5 e5 40.
g6 Ke6 41. Rf8 1-0

[Event "Memorijal Danilo - Dajo Batricevic"]
[Site "Cetinje"]
[Date "2009.08.17"]
[Round "9.2"]
[White "Bojkov, Dejan"]
[Black "Dumpor, Atif"]
[Result "1-0"]
[WhiteElo "2521"]
[BlackElo "2404"]
[PlyCount "69"]
[EventDate "2009.08.09"]
[EventRounds "9"]

1. e4 e5 2. Nf3 Nc6 3. Bc4 Bc5 4. O-O Nf6 5. d3 O-O 6. c3 a6 7. d4 Be7 8. dxe5
Nxe4 9. Re1 Nc5 10. Bf4 Ne6 11. Bg3 Kh8 12. Nbd2 d5 13. exd6 Bxd6 14. Ne4 Bxg3
15. hxg3 Bd7 16. Qc2 f5 17. Bxe6 Bxe6 18. Rad1 Qc8 19. Nc5 Bg8 20. Qa4 Re8 21.
Nh4 Rxe1+ 22. Rxe1 b5 23. Qf4 Qf8 24. b4 Qf6 25. Qxc7 Qxc3 26. Re3 Qa1+ 27. Kh2
Nxb4 28. Qb7 Rd8 29. Nxf5 Qf6 30. g4 Nd5 31. Rg3 g6 32. Nh6 Nf4 33. g5 Qg7 34.
Qb6 Rd5 35. Ne4 1-0

[Event "Memorijal Danilo - Dajo Batricevic"]
[Site "Cetinje"]
[Date "2009.08.17"]
[Round "9.3"]
[White "Drasko, Milan"]
[Black "Nikolov, Momchil"]
[Result "1/2-1/2"]
[WhiteElo "2527"]
[BlackElo "2517"]
[PlyCount "28"]
[EventDate "2009.08.09"]
[EventRounds "9"]

1. Nf3 Nf6 2. g3 b6 3. Bg2 Bb7 4. c4 e6 5. O-O Be7 6. b3 O-O 7. Bb2 d5 8. e3
dxc4 9. bxc4 c5 10. Qe2 Nc6 11. Nc3 Qc7 12. d3 a6 13. Ne1 Na7 14. a4 Rad8
1/2-1/2

[Event "Memorijal Danilo - Dajo Batricevic"]
[Site "Cetinje"]
[Date "2009.08.17"]
[Round "9.4"]
[White "Cebalo, Miso"]
[Black "Kovacevic, Aleksandar"]
[Result "1/2-1/2"]
[WhiteElo "2476"]
[BlackElo "2575"]
[PlyCount "69"]
[EventDate "2009.08.09"]
[EventRounds "9"]

1. d4 e6 2. c4 Nf6 3. Nf3 b6 4. Nc3 Bb7 5. Bg5 h6 6. Bh4 g5 7. Bg3 Nh5 8. e3
Nxg3 9. hxg3 Bg7 10. g4 h5 11. gxh5 g4 12. Nd2 f5 13. Qc2 Qg5 14. Nb5 Na6 15.
O-O-O Rxh5 16. Rxh5 Qxh5 17. a3 Qh2 18. c5 bxc5 19. dxc5 Bxg2 20. Bxg2 Qxg2 21.
Nc4 Rb8 22. Nd4 Nxc5 23. Na5 Na6 24. b4 Bxd4 25. exd4 c6 26. Qe2 Nxb4 27. axb4
Rxb4 28. Qd2 Ra4 29. Nb3 Qd5 30. Kb2 Qd6 31. Qg5 Qa3+ 32. Kc3 Qb4+ 33. Kb2 Qa3+
34. Kc3 Qb4+ 35. Kb2 1/2-1/2

[Event "Memorijal Danilo - Dajo Batricevic"]
[Site "Cetinje"]
[Date "2009.08.17"]
[Round "9.5"]
[White "Miron, Lucian-Costin"]
[Black "Kosic, Dragan"]
[Result "1/2-1/2"]
[WhiteElo "2479"]
[BlackElo "2488"]
[PlyCount "24"]
[EventDate "2009.08.09"]
[EventRounds "9"]

1. e4 e6 2. d4 d5 3. Nd2 c5 4. exd5 Qxd5 5. Ngf3 cxd4 6. Bc4 Qd6 7. O-O Nf6 8.
Nb3 Nc6 9. Nbxd4 Nxd4 10. Qxd4 Qxd4 11. Nxd4 Bd7 12. Be2 Bc5 1/2-1/2

[Event "Memorijal Danilo - Dajo Batricevic"]
[Site "Cetinje"]
[Date "2009.08.17"]
[Round "9.6"]
[White "Iotov, Valentin"]
[Black "Ivanovic, Bozidar"]
[Result "0-1"]
[WhiteElo "2603"]
[BlackElo "2415"]
[PlyCount "80"]
[EventDate "2009.08.09"]
[EventRounds "9"]

1. d4 d5 2. Nf3 Nf6 3. c4 e6 4. Nc3 c6 5. e3 Nbd7 6. Bd3 dxc4 7. Bxc4 b5 8. Bd3
a6 9. e4 c5 10. e5 cxd4 11. Nxb5 axb5 12. exf6 gxf6 13. O-O Qb6 14. Bf4 Bb7 15.
Qe2 Bd6 16. Bxd6 Qxd6 17. Be4 Bxe4 18. Qxe4 O-O 19. Nxd4 Qe5 20. Qg4+ Kh8 21.
Rfd1 Nb6 22. Re1 Rxa2 23. Rad1 Qg5 24. Qf3 Rxb2 25. g3 b4 26. Rxe6 fxe6 27.
Nxe6 Qh6 28. Nxf8 Qxf8 29. Qe4 Qc5 30. Rd8+ Kg7 31. Qg4+ Qg5 32. Qe6 Rb1+ 33.
Kg2 Kh6 34. Qxb6 b3 35. Rd6 Kg6 36. Qb4 Qf5 37. Rd8 Qe6 38. Qc3 Qe4+ 39. f3
Qc2+ 40. Qd2 Rd1 0-1

[Event "Memorijal Danilo - Dajo Batricevic"]
[Site "Cetinje"]
[Date "2009.08.17"]
[Round "9.7"]
[White "Miladinovic, Igor"]
[Black "Galic, Ivan"]
[Result "0-1"]
[WhiteElo "2570"]
[BlackElo "2349"]
[PlyCount "49"]
[EventDate "2009.08.09"]
[EventRounds "9"]

1. d4 d5 2. c4 c6 3. Nf3 Nf6 4. Nc3 dxc4 5. a4 Bf5 6. g3 Na6 7. Bg2 Nb4 8. O-O
Nc2 9. Ra2 Nb4 10. Ra1 Nc2 11. e4 Nxa1 12. exf5 Nb3 13. Bg5 Qb6 14. d5 Rd8 15.
Be3 Qa6 16. Nd4 Nxd4 17. Bxd4 Nxd5 18. Nxd5 cxd5 19. Re1 h5 20. Re5 h4 21. Bxd5
hxg3 22. hxg3 Qd6 23. Kg2 f6 24. Qg4 fxe5 25. Be6 0-1